|
|
|
|
| LEADER |
00000nam0a2200000 4500 |
| 001 |
163305 |
| 005 |
20231031160737.0 |
| 035 |
|
|
|a (RuTPU)RU\TPU\book\177191
|
| 090 |
|
|
|a 163305
|
| 100 |
|
|
|a 20090813d1963 km y0rusy50 ca
|
| 101 |
0 |
|
|a rus
|
| 102 |
|
|
|a RU
|
| 105 |
|
|
|a a z 001zy
|
| 200 |
1 |
|
|a Современные уплотнения вращающихся валов
|f А. И. Голубев
|
| 210 |
|
|
|a Москва
|c Машгиз
|d 1963
|
| 215 |
|
|
|a 215 с.
|c ил.
|
| 320 |
|
|
|a Библиогр.: с. 211-213.
|
| 610 |
1 |
|
|a валы
|
| 610 |
1 |
|
|a уплотнения
|
| 610 |
1 |
|
|a торцовые уплотнения
|
| 610 |
1 |
|
|a конструкции
|
| 610 |
1 |
|
|a трение
|
| 610 |
1 |
|
|a испытания
|
| 610 |
1 |
|
|a импеллеры
|
| 610 |
1 |
|
|a эжекторы
|
| 675 |
|
|
|a 621.824
|v 3
|
| 700 |
|
1 |
|a Голубев
|b А. И.
|g Алексей Иванович
|
| 801 |
|
1 |
|a RU
|b 63413507
|c 20090813
|
| 801 |
|
2 |
|a RU
|b 63413507
|c 20100224
|g RCR
|
| 942 |
|
|
|c BK
|